00764nam a22002297a 450000500170000001000270001702000270004402000260007103500160009703500140011303700130012708200130014010000160015324500910016926000500026027000980031030000250040830000240043350000400045770000150049770000220051220231219154237.0 aENG-125255 ENG-138629 a97881831656551c175.00 a9789389740295c795.00 aEN-108787  aEN-122161 bDBAD/PUB a372.6521 aDinakar, P. aPedagogy of english at primary level /cby Dinakar P., Samata P. and Reddy, K.V. Subba aNew DelhibNeelkamal Publicationsc2018c2020 a4764/1, 23, Ansari RoadbDaryaganj, New Delhie110002k011-23244237mneelkamalbooks@gmail.com axiv,177p.c25cm(pbk) axiv,181pc25cm(hbk) aIncludes bibliographical references aSamata, P. aReddy, K.V. Subba